Les villes d'Allemagne les plus peuplées commençant par W - Statistiques

Statistiques générales
  • Ce quiz a été pris 18 fois
  • Le résultat moyen est 2 sur 10
Statistiques - réponses
# Ville Population % Correct
4 Wolfsbourg 129.347
69%
1 Wuppertal 358.592
63%
2 Wiesbaden 287.241
38%
8 Weimar 65.611
19%
6 Worms 85.605
13%
3 Wurtzbourg 131.759
13%
10 Waiblingen 57.268
6%
9 Wesel 60.338
6%
7 Wilhemshaven 76.010
0%
5 Witten 92.037
0%
Aucun quiz correspondant
Distribution des résultats
% des personnes avec chaque résultat
Percentile par nombre de réponses
Votre historique - résultats
Vous n’avez pas pris ce quiz